Aspects Modernes Du Banditisme / (Record no. 72567)
[ view plain ]
| 000 -LEADER | |
|---|---|
| fixed length control field | 01263nam a2200325 i 4500 |
| 003 - CONTROL NUMBER IDENTIFIER | |
| control field | EG-GICUC |
| 005 - DATE AND TIME OF LATEST TRANSACTION | |
| control field | 20260509220333.0 |
| 008 - FIXED-LENGTH DATA ELEMENTS--GENERAL INFORMATION | |
| fixed length control field | 260421s1976 fr d|||fr|||| 100 0 FRE d |
| 040 ## - CATALOGING SOURCE | |
| Original cataloging agency | EG-GiCUC |
| Transcribing agency | EG-GiCUC |
| Modifying agency | EG-GiCUC |
| Description conventions | Rda |
| Language of cataloging | fre |
| 041 0# - LANGUAGE CODE | |
| Language code of text/sound track or separate title | fre |
| 082 04 - DEWEY DECIMAL CLASSIFICATION NUMBER | |
| Edition number | 21 |
| Classification number | 343.65205 |
| Item number | CO . A |
| 092 04 - LOCALLY ASSIGNED DEWEY CALL NUMBER (OCLC) | |
| Edition number | 21 |
| 099 ## - LOCAL FREE-TEXT CALL NUMBER (OCLC) | |
| Classification number | Law1 10 343.65205 CO . A 1976 |
| 111 2# - MAIN ENTRY--MEETING NAME | |
| Meeting name or jurisdiction name as entry element | Congres Français De Criminologie |
| Number of part/section/meeting | XV : |
| Date of meeting or treaty signing | 9 - 10 -11 octobre 1975 : |
| Location of meeting | Clermont-ferrand. |
| 245 10 - TITLE STATEMENT | |
| Title | Aspects Modernes Du Banditisme / |
| Statement of responsibility, etc. | Président Du Congrès: M Le Bátonnier Marcel Berthon, Secretaire Générale Me Bernadette Touveron. |
| 264 #1 - PRODUCTION, PUBLICATION, DISTRIBUTION, MANUFACTURE, AND COPYRIGHT NOTICE | |
| Place of production, publication, distribution, manufacture | Clermont-ferrand : |
| Name of producer, publisher, distributor, manufacturer | [indéfini], |
| Date of production, publication, distribution, manufacture, or copyright notice | 1976. |
| 300 ## - PHYSICAL DESCRIPTION | |
| Extent | 368 page, pages non numérotées : |
| Other physical details | tableaux, graphiques ; |
| Dimensions | 24 cm. |
| 336 ## - CONTENT TYPE | |
| Source | rda contenu |
| Content type term | texte |
| 337 ## - MEDIA TYPE | |
| Source | rda medias |
| Media type term | Ordinateur |
| 338 ## - CARRIER TYPE | |
| Source | transporteur rda |
| Carrier type term | Ressource en ligne |
| 504 ## - BIBLIOGRAPHY, ETC. NOTE | |
| Bibliography, etc. note | Comprend des références bibliographiques.<br/> |
| 546 ## - LANGUAGE NOTE | |
| Language note | النص باللغة الفرنسية |
| 650 1# - SUBJECT ADDED ENTRY--TOPICAL TERM | |
| Source of heading or term | Droit pénal |
| 651 1# - SUBJECT ADDED ENTRY--GEOGRAPHIC NAME | |
| Source of heading or term | qrmak |
| 700 ## - ADDED ENTRY--PERSONAL NAME | |
| Personal name | Le Bátonnier Marcel Berthon |
| Relator term | Contributor |
| 700 ## - ADDED ENTRY--PERSONAL NAME | |
| Personal name | Bernadette Touveron. |
| Relator term | Contributor |
| 856 40 - ELECTRONIC LOCATION AND ACCESS | |
| Uniform Resource Identifier | <a href="https://fll.law.cu.edu.eg/fulltext/bks/B10-10829.pdf">https://fll.law.cu.edu.eg/fulltext/bks/B10-10829.pdf</a> |
| 905 ## - Cataloger and Reviser Names | |
| Cataloger Name: | Omar |
| 942 ## - ADDED ENTRY ELEMENTS (KOHA) | |
| Source of classification or shelving scheme | Dewey Decimal Classification |
| Suppress in OPAC | No |
| Koha item type | Books |
| Edition | 21 |
| Withdrawn status | Lost status | Source of classification or shelving scheme | Damaged status | Not for loan | Collection | Home library | Current library | Date acquired | Total checkouts | Full call number | Barcode | Date last seen | Copy number | Price effective from | Koha item type |
|---|---|---|---|---|---|---|---|---|---|---|---|---|---|---|---|
| Dewey Decimal Classification | Not for loan | القانون الجنائي | جــــامعة القــاهرة | مكتبة كلية الحقوق - المبنى الرئيسي | 21.04.2026 | Law1 10 343.65205 CO . A 1976 1010829 C1 | B10-10829 | 21.04.2026 | 1 | 21.04.2026 | Conference proceedings | ||||
| Dewey Decimal Classification | القانون الجنائي | جــــامعة القــاهرة | مكتبة كلية الحقوق - المبنى الرئيسي | 01.05.2026 | Law1 10 343.65205 CO . A 1976 1010644 C2 | B10-10644 | 01.05.2026 | 2 | 01.05.2026 | Conference proceedings |